| 000 | 01991nam a22002177a 4500 | ||
|---|---|---|---|
| 003 | OSt | ||
| 005 | 20210607101642.0 | ||
| 008 | 121101t xxu||||| |||| 00| 0 eng d | ||
| 024 | _aGPCL/A298/05/420/2015 | ||
| 040 | _cLC | ||
| 050 | _aKRX956.A29.G34 | ||
| 110 | _bOffice of the Registrar of Companies, Ghana | ||
| 245 |
_aCompanies code, 1963 (Act 179). / _cOffice of the Registrar of Companies, Ghana |
||
| 246 | _aCompanies Act, 1963 (Act 179) | ||
| 260 |
_aAccra: _bGhana Publishing Company, _c1963. |
||
| 300 | _a311 p.: | ||
| 500 | _aInsert in back cover: Companies (Amendment) Act, 2016 (Act 920). GPCL/A836/1.000/09/2018 | ||
| 505 | _aContents: CHAPTER 1: Preliminary -- CHAPTER 2: Provisions applicable to all companies: A. Formation of matters incidental thereto B. The company regulations C. Capacity of companies D. Commencement of business E. Membership of companies F. Shares. G. Stated capital and dividends H. Resolutions reducing capital, shares or liability I. Debentures and debenture stock J. Transfer of shares and debentures K. Branch registers L. Registration of particulars of charges M. Registered office, publication of name and annual return N. Accounts and audit O. Acts by or on behalf of the company P. General meetings and resolutions Q. Directors and secretary R. Protection against illegal or oppressive action S. Arrangements and amalgamation T. Receivers and managers U. Winding up V. Documents W. Invitations to the public CHAPTER 3: Additional provision applicable to private companies only chapter 4: Additional provision applicable to public companies only A. Prospectuses and statements in lieu of prospectus B. Dividends and transfers C. Annual returns and auditors D. General meetings E. Directors CHAPTER 5: Provisions applicable to non-Ghanaian companies CHAPTER 6: Supplementary A. Unit trusts and mutual funds B. Miscellaneous offences C. Legal proceedings D. Administration | ||
| 650 |
_aCorporation law . _xGhana. |
||
| 942 |
_2lcc _cBK |
||
| 999 |
_c7638 _d15138 |
||